Statistics for Movies by Synopsis

Click here to take the quiz!

General Stats

  • This quiz has been taken 205 times
  • The average score is 11 of 13

Answer Stats

SynopsisMovie% Correct
A child helps a friendly alien escape Earth and return to his home world.E.T. the Extra-Terrestrial
98%
A rich girl falls in love with a poor artist aboard an ill-fated cruise ship.Titanic
98%
A theme park suffers a major power breakdown that allows its cloned dinosaur exhibits to run amok.Jurassic Park
97%
A tornado whisks a Kansas farm girl and her little dog to a magical land.The Wizard of Oz
97%
A killer shark unleashes chaos on a beach community.Jaws
95%
A princess is exiled to the forest by her wicked stepmother, where she meets a group of miners who take her in.Snow White and the Seven Dwarfs
95%
A 17-year-old is accidentally sent 30 years into the past in a time-traveling car.Back to the Future
92%
An archaeologist and adventurer is hired to find the Ark of the Covenant before the Nazis.Raiders of the Lost Ark
85%
An insomniac office worker and a devil-may-care soapmaker form a violent underground club.Fight Club
81%
The aging patriarch of an organized crime dynasty transfers control of his empire to his reluctant son.The Godfather
81%
A woman leaves an Austrian convent to become a governess to the children of a Naval officer.The Sound of Music
65%
Two imprisoned men bond, finding solace through acts of common decency.The Shawshank Redemption
63%
A Cuban immigrant takes over a drug cartel and succumbs to greed.Scarface
51%

Score Distribution

Percentile by Number Answered

Percent of People with Each Score

Your Score History

You have not taken this quiz